| 000 | 01117cam a22003014a 4500 | ||
|---|---|---|---|
| 999 |
_c7335 _d7335 |
||
| 001 | 13984553 | ||
| 003 | GZU | ||
| 005 | 20210506145005.0 | ||
| 008 | 050527s2006 njua b 001 0 eng | ||
| 010 | _a 2005048927 | ||
| 020 | _a0131494597 | ||
| 035 | _a(OCoLC)ocm60669113 | ||
| 040 |
_aDLC _cDLC _dOCLCQ _dBAKER _dC#P _dDLC |
||
| 042 | _apcc | ||
| 050 | 0 | 0 |
_aHD30.28 _b.WHE 2006 |
| 100 | 1 |
_aWheelen, Thomas L. _eauthor |
|
| 245 | 1 | 0 |
_aStrategic management and business policy : _bconcepts and cases / _cThomas L. Wheelen, J. David Hunger. |
| 250 | _a10th ed. | ||
| 260 |
_aUpper Saddle River, NJ : _bPearson Prentice Hall, _cc2006. |
||
| 300 |
_a1 v. (various pagings) : _bcol. ill. ; _c27 cm. |
||
| 500 | _aIncludes bibliographical references and indexes. | ||
| 650 | 0 | _aStrategic planning. | |
| 650 | 0 |
_aStrategic planning _vCase studies. |
|
| 700 | 1 |
_aHunger, J. David, _d1941- _eauthor |
|
| 906 |
_a7 _bcbc _corignew _d1 _eocip _f20 _gy-gencatlg |
||
| 942 |
_2lcc _cBK _e10th edition _h30.28 _iWHE _kHD |
||